Top 50 Most Populated Cities in the World - Statistics

General Stats
  • This quiz has been taken 17 times
  • The average score is 35 of 50
Answer Stats
Country City % Correct
Turkey Istanbul
100%
South Africa Johannesburg
100%
United Kingdom London
100%
India Mumbai
100%
China Shanghai
100%
Japan Tokyo
100%
Iraq Baghdad
92%
China Beijing
92%
India Delhi
92%
India Kolkata
92%
Peru Lima
92%
Mexico Mexico City
92%
Russia Moscow
92%
United States New York City
92%
South Korea Seoul
92%
Colombia Bogota
85%
Egypt Cairo
85%
Indonesia Jakarta
85%
Pakistan Karachi
85%
Nigeria Lagos
85%
Saudi Arabia Riyadh
85%
Brazil Sao Paulo
85%
China Xi'an
85%
Bangladesh Dhaka
77%
China Guangzhou
77%
Vietnam Ho Chi Minh City
77%
Iran Tehran
77%
India Bengaluru
69%
China Chengdu
69%
Vietnam Hanoi
69%
DR Congo Kinshasa
69%
Angola Luanda
69%
India Hyderabad
62%
Pakistan Lahore
62%
China Tianjin
62%
China Wuhan
62%
India Ahmedabad
54%
Nigeria Kano
54%
China Nanjing
54%
India Pune
54%
China Shenzhen
54%
India Chennai
46%
China Qingdao
46%
China Hangzhou
38%
China Shenyang
31%
India Surat
31%
China Zhengzhou
31%
China Dongguan
15%
China Foshan
8%
China Chingqing
0%
No matching quizzes found
Score Distribution
Percent of People with Each Score
Percentile by Number Answered
Your Score History
You have not taken this quiz